[Event "FIDE Open World Blitz 2021"]
[Site "Warsaw"]
[Date "2021.12.30"]
[Round "20.34"]
[White "Abdusattorov, Nodirbek"]
[Black "Moroni, Luca Jr"]
[Result "1-0"]
[WhiteElo "2646"]
[BlackElo "2580"]
[Annotator "ChessBase"]
[PlyCount "103"]
[EventDate "2021.12.29"]
[EventType "swiss"]
[EventCountry "POL"]
[Tiebreak "Cut1 Buchholz"]
[SourceTitle "playchess.com"]
[Source "ChessBase"]
[SourceQuality "1"]

1. e4 g6 2. d4 Bg7 3. Nc3 a6 4. h4 h5 5. a4 d6 6. Nf3 Nd7 7. Bc4 e6 8. Bg5 Bf6
9. Qe2 Bxg5 10. hxg5 Ne7 11. O-O-O Nc6 12. g4 h4 13. Kb1 Qe7 14. Nxh4 Rg8 15.
f4 Nb6 16. Ba2 Bd7 17. Nf3 O-O-O 18. Rh7 Rh8 19. Rdh1 Rxh7 20. Rxh7 Kb8 21. f5
Qf8 22. f6 Nb4 23. Bb3 a5 24. Qh2 d5 25. Ne5 Be8 26. Rh8 Qd6 27. Nb5 Bxb5 28.
axb5 Rxh8 29. Qxh8+ Ka7 30. exd5 a4 31. Qh3 axb3 32. Qxb3 N4xd5 33. c4 Nb4 34.
Qc3 Na4 35. Qa3 Qxd4 36. Qxa4+ Kb8 37. Qxb4 Qxe5 38. Qf8+ Ka7 39. Qxf7 Qe4+ 40.
Ka1 Qxc4 41. Qd7 Qc1+ 42. Ka2 Qc4+ 43. Ka3 Qc5+ 44. Kb3 Qe3+ 45. Kc4 Qe2+ 46.
Qd3 Qe1 47. f7 Qc1+ 48. Kb3 Qf4 49. Qd7 Qf3+ 50. Ka2 Kb6 51. Qxe6+ Ka5 52. Qb3
1-0

[Event "FIDE Open World Blitz 2021"]
[Site "Warsaw"]
[Date "2021.12.30"]
[Round "20.34"]
[White "Yunusov, Mukhammad"]
[Black "Gdanski, Jacek"]
[Result "0-1"]
[WhiteElo "1874"]
[BlackElo "2367"]
[Annotator "NA"]
[PlyCount "58"]
[EventDate "2021.12.29"]
[EventType "swiss"]
[EventCountry "POL"]
[Tiebreak "Cut1 Buchholz"]
[SourceTitle "playchess.com"]
[Source "ChessBase"]
[SourceQuality "1"]

1. d4 Nf6 2. Bf4 c5 3. e3 Qb6 4. Nc3 a6 5. Rb1 g6 6. Nf3 Bg7 7. Bc4 O-O 8. O-O
d6 9. Re1 Qc7 10. Nd5 Nxd5 11. Bxd5 Nd7 12. c3 Nf6 13. Bb3 Bf5 14. Bc2 Bxc2 15.
Qxc2 Rfc8 16. Bg3 b5 17. a4 Qb7 18. Bh4 Rab8 19. axb5 axb5 20. e4 cxd4 21. Nxd4
b4 22. Bg3 Nh5 23. Qd2 bxc3 24. bxc3 Qxb1 25. Rf1 Qxe4 26. Re1 Rb1 27. Rf1 Bxd4
28. cxd4 Rxf1+ 29. Kxf1 Qb1+ 0-1

[Event "FIDE Open World Blitz 2021"]
[Site "Warsaw"]
[Date "2021.12.30"]
[Round "20.35"]
[White "Anton Guijarro, David"]
[Black "Ivic, Velimir"]
[Result "1-0"]
[WhiteElo "2669"]
[BlackElo "2575"]
[Annotator "ChessBase"]
[PlyCount "28"]
[EventDate "2021.12.29"]
[EventType "swiss"]
[EventCountry "POL"]
[Tiebreak "Cut1 Buchholz"]
[SourceTitle "playchess.com"]
[Source "ChessBase"]
[SourceQuality "1"]

1. Nf3 d5 2. c4 d4 3. b4 g5 4. h3 Bg7 5. Nxg5 e5 6. Ne4 f5 7. Nc5 Nf6 8. d3 O-O
9. g3 b6 10. Bg2 bxc5 11. Bxa8 c6 12. b5 Qd6 13. Na3 f4 14. gxf4 e4 1-0

[Event "FIDE Open World Blitz 2021"]
[Site "Warsaw"]
[Date "2021.12.30"]
[Round "20.35"]
[White "Krasenkow, Michal"]
[Black "Laith, Kasib"]
[Result "1-0"]
[WhiteElo "2576"]
[BlackElo "2010"]
[Annotator "ChessBase"]
[PlyCount "93"]
[EventDate "2021.12.29"]
[EventType "swiss"]
[EventCountry "POL"]
[Tiebreak "Cut1 Buchholz"]
[SourceTitle "playchess.com"]
[Source "ChessBase"]
[SourceQuality "1"]

1. e4 d6 2. d4 Nf6 3. Bd3 g6 4. Nf3 Bg7 5. c3 O-O 6. O-O Nbd7 7. Bg5 h6 8. Bh4
e5 9. dxe5 dxe5 10. b4 c6 11. a4 Qc7 12. Na3 Re8 13. Nc4 g5 14. Bg3 Nh5 15.
Bxe5 Nxe5 16. Nfxe5 Nf4 17. g3 Nh3+ 18. Kg2 Bxe5 19. Nxe5 Qxe5 20. Qh5 Qxc3 21.
Rad1 Qg7 22. Bc4 Nf4+ 23. gxf4 gxf4+ 24. Kf3 Qc3+ 25. Bd3 Qf6 26. Rg1+ Kf8 27.
Qc5+ Qe7 28. Qxe7+ Kxe7 29. Kxf4 Be6 30. Be2 Rg8 31. b5 cxb5 32. axb5 Rac8 33.
Rxg8 Rxg8 34. Rc1 Kd7 35. Ra1 Ra8 36. Ke5 b6 37. f4 Kc7 38. f5 Bd7 39. Kf6 Re8
40. e5 Kb8 41. Bc4 Rc8 42. Bxf7 Rf8 43. e6 Be8 44. Ke7 Rh8 45. Bxe8 a5 46. bxa6
Rh7+ 47. Bf7 1-0

[Event "FIDE Open World Blitz 2021"]
[Site "Warsaw"]
[Date "2021.12.30"]
[Round "20.36"]
[White "Paravyan, David"]
[Black "Van Foreest, Jorden"]
[Result "0-1"]
[WhiteElo "2642"]
[BlackElo "2566"]
[Annotator "ChessBase"]
[PlyCount "76"]
[EventDate "2021.12.29"]
[EventType "swiss"]
[EventCountry "POL"]
[Tiebreak "Cut1 Buchholz"]
[SourceTitle "playchess.com"]
[Source "ChessBase"]
[SourceQuality "1"]

1. e4 c6 2. d4 d5 3. exd5 cxd5 4. c4 Nf6 5. Nc3 g6 6. Qb3 Bg7 7. cxd5 O-O 8.
Bc4 Nbd7 9. Bg5 a6 10. Be2 b5 11. Bf3 Bb7 12. Nge2 Nb6 13. Bxf6 Bxf6 14. O-O
Rb8 15. a3 Qd6 16. Ne4 Qd8 17. Nxf6+ exf6 18. Nc3 f5 19. Rfe1 Qd6 20. Re5 Nc4
21. Re2 Rfd8 22. Rae1 Qf4 23. Qd1 Rbc8 24. Qd3 Kg7 25. g3 Qd6 26. Kg2 Rd7 27.
h4 h5 28. Qc2 Rdc7 29. Re8 Nxa3 30. bxa3 Rxc3 31. Rxc8 Rxc8 32. Qb3 Rc4 33. Re5
Rxd4 34. Qe3 Bxd5 35. Bxd5 Rxd5 36. Re8 Rd3 37. Qa7 Qc6+ 38. Kh2 Qxe8 0-1

[Event "FIDE Open World Blitz 2021"]
[Site "Warsaw"]
[Date "2021.12.30"]
[Round "20.37"]
[White "Harikrishna, Pentala"]
[Black "Zvjaginsev, Vadim"]
[Result "1/2-1/2"]
[WhiteElo "2614"]
[BlackElo "2609"]
[Annotator "ChessBase"]
[PlyCount "29"]
[EventDate "2021.12.29"]
[EventType "swiss"]
[EventCountry "POL"]
[Tiebreak "Cut1 Buchholz"]
[SourceTitle "playchess.com"]
[Source "ChessBase"]
[SourceQuality "1"]

1. e4 c5 2. Nf3 Nc6 3. c3 e6 4. d4 d5 5. exd5 exd5 6. Bb5 Bd6 7. dxc5 Bxc5 8.
O-O Nf6 9. Nbd2 O-O 10. Nb3 Bb6 11. h3 Qd6 12. Nbd4 Nxd4 13. cxd4 Bf5 14. a4 a6
15. Bd3 1/2-1/2

[Event "FIDE Open World Blitz 2021"]
[Site "Warsaw"]
[Date "2021.12.30"]
[Round "20.38"]
[White "Hovhannisyan, Robert"]
[Black "Czarnota, Pawel"]
[Result "0-1"]
[WhiteElo "2622"]
[BlackElo "2502"]
[Annotator "ChessBase"]
[PlyCount "98"]
[EventDate "2021.12.29"]
[EventType "swiss"]
[EventCountry "POL"]
[Tiebreak "Cut1 Buchholz"]
[SourceTitle "playchess.com"]
[Source "ChessBase"]
[SourceQuality "1"]

1. e4 c5 2. Nf3 d6 3. Nc3 Nc6 4. d4 cxd4 5. Nxd4 Nf6 6. Bg5 e6 7. Qd2 a6 8.
Nxc6 bxc6 9. O-O-O Be7 10. Bxf6 gxf6 11. Bc4 Bb7 12. Rhe1 Qc7 13. Bb3 O-O-O 14.
f4 d5 15. exd5 cxd5 16. f5 d4 17. Ne4 exf5 18. Ng3 Bd6 19. Kb1 f4 20. Nf5 Be5
21. Nh4 Kb8 22. Nf3 Rhe8 23. Qd3 Rg8 24. Re2 h6 25. Rde1 Rge8 26. a3 Ka7 27.
Ka2 Qc5 28. Bxf7 Re7 29. Bb3 Rd6 30. Qf5 d3 31. cxd3 Bxf3 32. gxf3 Rb7 33. d4
Rxd4 34. Qe6 Rd6 35. Qc4 Qa5 36. Rc1 Rdb6 37. Rxe5 Qxe5 38. Rc3 Rd6 39. Rc2 h5
40. Qc8 Rdb6 41. Rc3 h4 42. Qc4 h3 43. a4 Rd6 44. Qc8 Rd2 45. Ka3 Qe7+ 46. Ka2
Qe5 47. Ka3 Rxh2 48. a5 Qxa5+ 49. Ba4 Qb4+ 0-1

[Event "FIDE Open World Blitz 2021"]
[Site "Warsaw"]
[Date "2021.12.30"]
[Round "20.39"]
[White "Pichot, Alan"]
[Black "Tazbir, Marcin"]
[Result "1/2-1/2"]
[WhiteElo "2630"]
[BlackElo "2508"]
[Annotator "ChessBase"]
[PlyCount "33"]
[EventDate "2021.12.29"]
[EventType "swiss"]
[EventCountry "POL"]
[Tiebreak "Cut1 Buchholz"]
[SourceTitle "playchess.com"]
[Source "ChessBase"]
[SourceQuality "1"]

1. e4 c5 2. Nf3 d6 3. Bb5+ Nd7 4. d4 cxd4 5. Nxd4 a6 6. Bd3 Ngf6 7. O-O g6 8.
c4 Nc5 9. Nc3 Nxd3 10. Qxd3 Bg7 11. f3 O-O 12. Be3 Bd7 13. Rfd1 Qa5 14. Rac1
Rfc8 15. b3 Rab8 16. a4 Be8 17. Nde2 1/2-1/2

[Event "FIDE Open World Blitz 2021"]
[Site "Warsaw"]
[Date "2021.12.30"]
[Round "20.40"]
[White "Piorun, Kacper"]
[Black "Gagunashvili, Merab"]
[Result "0-1"]
[WhiteElo "2634"]
[BlackElo "2575"]
[Annotator "ChessBase"]
[PlyCount "118"]
[EventDate "2021.12.29"]
[EventType "swiss"]
[EventCountry "POL"]
[Tiebreak "Cut1 Buchholz"]
[SourceTitle "playchess.com"]
[Source "ChessBase"]
[SourceQuality "1"]

1. e4 e5 2. Bc4 Nf6 3. Nc3 Nc6 4. d3 Be7 5. f4 d6 6. Nf3 exf4 7. Bxf4 O-O 8.
O-O Na5 9. Bb3 Nxb3 10. axb3 Be6 11. Nd4 Qd7 12. Qf3 Bg4 13. Qf2 c5 14. Nf3 Nh5
15. Bd2 f5 16. Nd5 fxe4 17. dxe4 Bxf3 18. gxf3 Nf6 19. Nxe7+ Qxe7 20. Bc3 Nxe4
21. Qe3 Qg5+ 22. Qxg5 Nxg5 23. Kg2 Ne6 24. Rad1 d5 25. Be5 Rad8 26. f4 Rf5 27.
h4 h6 28. Rde1 Rdf8 29. Kg3 g5 30. Bd6 gxf4+ 31. Kf2 R8f6 32. Rg1+ Kf7 33. Be5
Rg6 34. Rxg6 Kxg6 35. Bb8 Kf6 36. Bxa7 Rh5 37. Rh1 Re5 38. Bb8 Re4 39. c3 d4
40. Rd1 Kf5 41. b4 cxb4 42. cxb4 Re3 43. Rc1 Rb3 44. Rc8 Rxb2+ 45. Kf3 Rb3+ 46.
Kf2 Rxb4 47. Re8 Rb2+ 48. Kf3 Rb3+ 49. Kf2 d3 50. Re7 Nd4 51. Rf7+ Ke6 52. Rxf4
Kd5 53. Ke3 Nc2+ 54. Kd2 Na3 55. Rf5+ Ke4 56. Rc5 Kd4 57. Ba7 Nc4+ 58. Kc1 d2+
59. Kc2 Rc3+ 0-1

[Event "FIDE Open World Blitz 2021"]
[Site "Warsaw"]
[Date "2021.12.30"]
[Round "20.41"]
[White "Durarbayli, Vasif"]
[Black "Gajewski, Grzegorz"]
[Result "1-0"]
[WhiteElo "2599"]
[BlackElo "2589"]
[Annotator "ChessBase"]
[PlyCount "67"]
[EventDate "2021.12.29"]
[EventType "swiss"]
[EventCountry "POL"]
[Tiebreak "Cut1 Buchholz"]
[SourceTitle "playchess.com"]
[Source "ChessBase"]
[SourceQuality "1"]

1. e4 c5 2. Nf3 e6 3. b3 Nc6 4. Bb2 Nf6 5. e5 Nd5 6. c4 Nf4 7. g3 Ng6 8. Bg2 d6
9. exd6 e5 10. h4 h5 11. Nc3 Bxd6 12. Ng5 Nd4 13. O-O Be7 14. Re1 Bxg5 15. hxg5
Qxg5 16. Ne4 Qe7 17. b4 Bg4 18. f3 h4 19. fxg4 hxg3 20. bxc5 O-O-O 21. Nd6+
Rxd6 22. cxd6 Qh4 23. Bxd4 Qh2+ 24. Kf1 Nh4 25. Qe2 exd4 26. Bxb7+ Kxb7 27.
Qxh2 gxh2 28. Kf2 Ng6 29. Kg3 d3 30. Rh1 Ne5 31. Rab1+ Kc6 32. Rxh2 Rxh2 33.
Kxh2 Nxc4 34. Rc1 1-0

[Event "FIDE Open World Blitz 2021"]
[Site "Warsaw"]
[Date "2021.12.30"]
[Round "20.42"]
[White "Chigaev, Maksim"]
[Black "Tari, Aryan"]
[Result "0-1"]
[WhiteElo "2626"]
[BlackElo "2649"]
[Annotator "ChessBase"]
[PlyCount "90"]
[EventDate "2021.12.29"]
[EventType "swiss"]
[EventCountry "POL"]
[Tiebreak "Cut1 Buchholz"]
[SourceTitle "playchess.com"]
[Source "ChessBase"]
[SourceQuality "1"]

1. d4 d5 2. Nf3 Nf6 3. Bf4 c5 4. e3 Nc6 5. Nbd2 cxd4 6. exd4 Qb6 7. Nb3 e6 8.
c3 Be7 9. Bd3 O-O 10. O-O Nh5 11. Be3 g6 12. Re1 Qc7 13. Bf1 Bd7 14. Nc5 Rad8
15. Nd3 Bd6 16. g3 f6 17. Bg2 Ng7 18. b4 Nf5 19. Bf4 g5 20. Bxd6 Qxd6 21. Nc5
Bc8 22. a4 b6 23. Nd3 Bd7 24. a5 Nce7 25. axb6 axb6 26. Nd2 Rc8 27. Rc1 Rc7 28.
c4 dxc4 29. Nxc4 Qxd4 30. Re4 Qd5 31. Re5 Qd4 32. Re4 Qd5 33. Re5 Qd4 34. Re4
Qd5 35. h4 Bb5 36. Re5 Qd7 37. Nxb6 Rxc1 38. Qxc1 Qxd3 39. Rxe6 Ng6 40. Be4 Qd4
41. Bxf5 Ne5 42. Qe3 Qd1+ 43. Kh2 Nf3+ 44. Kh3 Bf1+ 45. Kg4 Ne5# 0-1

[Event "FIDE Open World Blitz 2021"]
[Site "Warsaw"]
[Date "2021.12.30"]
[Round "20.43"]
[White "Howell, David W L"]
[Black "Vakhidov, Jakhongir"]
[Result "0-1"]
[WhiteElo "2648"]
[BlackElo "2557"]
[Annotator "ChessBase"]
[PlyCount "90"]
[EventDate "2021.12.29"]
[EventType "swiss"]
[EventCountry "POL"]
[Tiebreak "Cut1 Buchholz"]
[SourceTitle "playchess.com"]
[Source "ChessBase"]
[SourceQuality "1"]

1. Nf3 c5 2. c4 g6 3. g3 Bg7 4. Bg2 Nc6 5. Nc3 d6 6. O-O Rb8 7. b3 e5 8. Bb2
Nge7 9. d3 O-O 10. e3 a6 11. Rc1 b5 12. Qe2 h6 13. Nd2 Be6 14. Rfd1 Kh7 15. h3
Qd7 16. Kh2 f5 17. Nd5 Bxd5 18. cxd5 Nb4 19. e4 Nxa2 20. Ra1 Nb4 21. h4 Ra8 22.
Nf1 a5 23. Bh3 Qe8 24. Ne3 Qf7 25. Rf1 h5 26. Bc3 Bh6 27. Ng2 fxe4 28. dxe4 Qf3
29. Qxf3 Rxf3 30. Bxb4 cxb4 31. Rab1 Ra7 32. Rb2 Ng8 33. Ne1 Rc3 34. Nc2 Nf6
35. f3 Rac7 36. Rf2 Bc1 37. Ra2 Rxb3 38. Bf1 a4 39. Bxb5 a3 40. Bc6 Rb2 41. Ra1
Be3 42. Rg2 Bc5 43. Kh3 Ra7 44. Bb5 b3 45. Ne1 Rxg2 0-1

[Event "FIDE Open World Blitz 2021"]
[Site "Warsaw"]
[Date "2021.12.30"]
[Round "20.44"]
[White "Suleymanli, Aydin"]
[Black "Timofeev, Artyom"]
[Result "0-1"]
[WhiteElo "2541"]
[BlackElo "2586"]
[Annotator "ChessBase"]
[PlyCount "116"]
[EventDate "2021.12.29"]
[EventType "swiss"]
[EventCountry "POL"]
[Tiebreak "Cut1 Buchholz"]
[SourceTitle "playchess.com"]
[Source "ChessBase"]
[SourceQuality "1"]

1. d4 d5 2. Nf3 Nf6 3. Bf4 Bg4 4. Nbd2 e6 5. e3 c6 6. c3 Bd6 7. Bg3 O-O 8. Qb3
b6 9. Ne5 Bf5 10. Be2 Qc7 11. f4 c5 12. Bf3 Nbd7 13. O-O c4 14. Qd1 b5 15. Bh4
Ne4 16. Bxe4 Bxe4 17. Nxe4 dxe4 18. Qh5 f5 19. Nxd7 Qxd7 20. Rfd1 Qc6 21. g4
Qd5 22. gxf5 exf5 23. Kh1 Qf7 24. Qe2 h6 25. Rg1 Kh7 26. Rg3 Rg8 27. Rh3 Rae8
28. Rg1 Re6 29. Bg5 Rg6 30. Qh5 Qe6 31. Rgg3 a6 32. a3 a5 33. Rg1 b4 34. axb4
axb4 35. Rg2 bxc3 36. bxc3 Ra8 37. Rg1 Ra6 38. Rhg3 Bf8 39. Bh4 Rxg3 40. Bxg3
Ra2 41. Be1 Ra1 42. Qh3 Qf7 43. Bd2 Ra2 44. Be1 Ba3 45. Qg3 Bc1 46. d5 Ra5 47.
d6 Rd5 48. Bf2 Bd2 49. Rb1 Rxd6 50. h4 Bxc3 51. Rc1 Rd3 52. Qh3 Qh5 53. Kh2 Bf6
54. Rxc4 Rd2 55. Kg1 Qd1+ 56. Kg2 Qh5 57. Rc5 Bxh4 58. Kh1 Rxf2 0-1

[Event "FIDE Open World Blitz 2021"]
[Site "Warsaw"]
[Date "2021.12.30"]
[Round "20.45"]
[White "Bologan, Victor"]
[Black "Predke, Alexandr"]
[Result "1/2-1/2"]
[WhiteElo "2574"]
[BlackElo "2627"]
[Annotator "ChessBase"]
[PlyCount "30"]
[EventDate "2021.12.29"]
[EventType "swiss"]
[EventCountry "POL"]
[Tiebreak "Cut1 Buchholz"]
[SourceTitle "playchess.com"]
[Source "ChessBase"]
[SourceQuality "1"]

1. e4 e5 2. Nf3 Nc6 3. Bc4 Bc5 4. c3 Nf6 5. d3 h6 6. Nbd2 d6 7. Nf1 O-O 8. Ng3
a6 9. Bb3 Ne7 10. d4 exd4 11. cxd4 Bb4+ 12. Bd2 Bxd2+ 13. Qxd2 Bg4 14. h3 Bxf3
15. gxf3 c5 1/2-1/2

[Event "FIDE Open World Blitz 2021"]
[Site "Warsaw"]
[Date "2021.12.30"]
[Round "20.46"]
[White "Movsesian, Sergei"]
[Black "Saraci, Nderim"]
[Result "1-0"]
[WhiteElo "2615"]
[BlackElo "2486"]
[Annotator "ChessBase"]
[PlyCount "65"]
[EventDate "2021.12.29"]
[EventType "swiss"]
[EventCountry "POL"]
[Tiebreak "Cut1 Buchholz"]
[SourceTitle "playchess.com"]
[Source "ChessBase"]
[SourceQuality "1"]

1. e4 e5 2. Nf3 Nc6 3. Bc4 Bc5 4. d3 Nf6 5. a4 O-O 6. c3 a5 7. O-O d6 8. Bb3
Ba7 9. Nbd2 Ne7 10. d4 Ng6 11. Re1 c6 12. h3 h6 13. Nf1 Re8 14. Ng3 Qc7 15. Be3
exd4 16. Bxd4 Ne5 17. Bxa7 Nxf3+ 18. Qxf3 Rxa7 19. Rad1 Be6 20. Bxe6 fxe6 21.
Rd3 Raa8 22. Red1 d5 23. exd5 cxd5 24. Re3 Re7 25. Rde1 Rae8 26. Re5 Nd7 27.
R5e2 Nf6 28. Qd3 Qc6 29. Nf5 Rd7 30. Nd4 Qxa4 31. Qg6 Rde7 32. Nf5 exf5 33.
Rxe7 1-0

[Event "FIDE Open World Blitz 2021"]
[Site "Warsaw"]
[Date "2021.12.30"]
[Round "20.47"]
[White "Mitrabha, Guha"]
[Black "Efimenko, Zahar"]
[Result "0-1"]
[WhiteElo "2370"]
[BlackElo "2601"]
[Annotator "ChessBase"]
[PlyCount "34"]
[EventDate "2021.12.29"]
[EventType "swiss"]
[EventCountry "POL"]
[Tiebreak "Cut1 Buchholz"]
[SourceTitle "playchess.com"]
[Source "ChessBase"]
[SourceQuality "1"]

1. d4 d6 2. Nf3 g6 3. g3 Bg7 4. Bg2 Nf6 5. c4 O-O 6. Nc3 c6 7. e4 Qa5 8. O-O
Qh5 9. e5 dxe5 10. Nxe5 Qxd1 11. Rxd1 Bf5 12. b3 Nbd7 13. Nf3 Ne4 14. Ne2 Nd6
15. Ba3 Rfe8 16. Re1 Be4 17. Rad1 Rad8 0-1

[Event "FIDE Open World Blitz 2021"]
[Site "Warsaw"]
[Date "2021.12.30"]
[Round "20.48"]
[White "Christiansen, Johan-Sebastian"]
[Black "Saric, Ivan"]
[Result "1/2-1/2"]
[WhiteElo "2593"]
[BlackElo "2665"]
[Annotator "ChessBase"]
[PlyCount "110"]
[EventDate "2021.12.29"]
[EventType "swiss"]
[EventCountry "POL"]
[Tiebreak "Cut1 Buchholz"]
[SourceTitle "playchess.com"]
[Source "ChessBase"]
[SourceQuality "1"]

1. c4 g6 2. g3 Bg7 3. Bg2 c5 4. Nf3 Nc6 5. Nc3 e5 6. d3 Nge7 7. h4 h6 8. h5 g5
9. Nxg5 hxg5 10. Bxg5 f6 11. h6 fxg5 12. hxg7 Rxh1+ 13. Bxh1 Kf7 14. e3 Kxg7
15. Qh5 d6 16. O-O-O Bf5 17. Qxg5+ Bg6 18. Be4 Nf5 19. Qg4 Qf6 20. Nd5 Qf7 21.
Rh1 Rh8 22. Rxh8 Kxh8 23. Qg5 Kg7 24. f4 exf4 25. gxf4 Nce7 26. Bxf5 Nxf5 27.
e4 Nd4 28. f5 Nxf5 29. exf5 Qxf5 30. Qe7+ Kh6 31. Qh4+ Kg7 32. Nf4 Bf7 33. Qg3+
Kf8 34. Ne2 Qf1+ 35. Kd2 Qf6 36. Nc3 Ke7 37. Kc2 a6 38. Ne4 Qg6 39. Qh4+ Kd7
40. Kc3 b5 41. cxb5 axb5 42. a3 Qg7+ 43. Kc2 Qg2+ 44. Kc1 Bb3 45. Qf2 Qh1+ 46.
Kd2 Qd1+ 47. Ke3 Qc1+ 48. Qd2 Qg1+ 49. Qf2 Qxf2+ 50. Nxf2 Kc6 51. Kd2 Be6 52.
Kc3 Bf5 53. b4 Kd5 54. Nd1 Ke5 55. Ne3 Be6 1/2-1/2

[Event "FIDE Open World Blitz 2021"]
[Site "Warsaw"]
[Date "2021.12.30"]
[Round "20.49"]
[White "Klekowski, Maciej"]
[Black "Gareyev, Timur"]
[Result "0-1"]
[WhiteElo "2499"]
[BlackElo "2583"]
[Annotator "ChessBase"]
[PlyCount "25"]
[EventDate "2021.12.29"]
[EventType "swiss"]
[EventCountry "POL"]
[Tiebreak "Cut1 Buchholz"]
[SourceTitle "playchess.com"]
[Source "ChessBase"]
[SourceQuality "1"]

1. c4 b6 2. Nf3 Bb7 3. Nc3 e6 4. a3 c5 5. Rb1 Nc6 6. e4 Nf6 7. Be2 Qc7 8. d3 a6
9. Bg5 Bd6 10. h3 Ne5 11. Nxe5 Bxe5 12. Qd2 h6 13. Be3 0-1

[Event "FIDE Open World Blitz 2021"]
[Site "Warsaw"]
[Date "2021.12.30"]
[Round "20.50"]
[White "Shevchenko, Kirill"]
[Black "Faizrakhmanov, Ramil"]
[Result "1-0"]
[WhiteElo "2647"]
[BlackElo "2396"]
[Annotator "ChessBase"]
[PlyCount "103"]
[EventDate "2021.12.29"]
[EventType "swiss"]
[EventCountry "POL"]
[Tiebreak "Cut1 Buchholz"]
[SourceTitle "playchess.com"]
[Source "ChessBase"]
[SourceQuality "1"]

1. e4 c6 2. d4 d5 3. f3 dxe4 4. fxe4 e5 5. Nf3 Be6 6. Bg5 Be7 7. Bxe7 Qxe7 8.
Nc3 exd4 9. Qxd4 Nf6 10. O-O-O O-O 11. e5 Nd5 12. Ne4 Nd7 13. Nd6 Rab8 14. Bd3
Rfd8 15. c4 Nb4 16. h4 Nxd3+ 17. Rxd3 f6 18. Re1 fxe5 19. Nxe5 Qf6 20. Nxd7
Qxd4 21. Rxd4 Bxd7 22. Re7 c5 23. Rf4 Bc6 24. Nf5 Rd7 25. Re5 Rf8 26. g3 Kh8
27. Nd4 Rdd8 28. Rxf8+ Rxf8 29. Nxc6 bxc6 30. Rxc5 Rf6 31. Ra5 Rf7 32. Ra6 Rc7
33. Kd2 c5 34. Ra5 g6 35. Kd3 Kg7 36. Ke4 Kf6 37. Kd5 Kf5 38. Rxc5 Rf7 39. Kd6+
Kg4 40. Rg5+ Kh3 41. c5 Rf6+ 42. Kd7 h6 43. Re5 Kxg3 44. h5 gxh5 45. Rxh5 Kg4
46. Rh1 h5 47. c6 Rf7+ 48. Ke6 Rf2 49. Rc1 Rxb2 50. c7 Re2+ 51. Kf7 Rf2+ 52.
Kg7 1-0

[Event "FIDE Open World Blitz 2021"]
[Site "Warsaw"]
[Date "2021.12.30"]
[Round "20.51"]
[White "Rapport, Richard"]
[Black "Kadric, Denis"]
[Result "1-0"]
[WhiteElo "2763"]
[BlackElo "2566"]
[Annotator "ChessBase"]
[PlyCount "37"]
[EventDate "2021.12.29"]
[EventType "swiss"]
[EventCountry "POL"]
[Tiebreak "Cut1 Buchholz"]
[SourceTitle "playchess.com"]
[Source "ChessBase"]
[SourceQuality "1"]

1. e4 d6 2. Nc3 e5 3. f4 exf4 4. Nf3 g5 5. g3 Bg7 6. d4 Nc6 7. Bb5 a6 8. Bxc6+
bxc6 9. O-O h6 10. gxf4 g4 11. Ne1 d5 12. e5 Ne7 13. f5 Bxf5 14. Rxf5 Nxf5 15.
Qxg4 Qh4 16. Qxf5 Qxe1+ 17. Kg2 Rg8 18. Bg5 Qxa1 19. e6 1-0

[Event "FIDE Open World Blitz 2021"]
[Site "Warsaw"]
[Date "2021.12.30"]
[Round "20.52"]
[White "Socko, Bartosz"]
[Black "Wojtaszek, Radoslaw"]
[Result "1/2-1/2"]
[WhiteElo "2571"]
[BlackElo "2700"]
[Annotator "ChessBase"]
[PlyCount "71"]
[EventDate "2021.12.29"]
[EventType "swiss"]
[EventCountry "POL"]
[Tiebreak "Cut1 Buchholz"]
[SourceTitle "playchess.com"]
[Source "ChessBase"]
[SourceQuality "1"]

1. d4 d5 2. c4 e6 3. Nf3 Nd7 4. Nbd2 Ngf6 5. g3 Be7 6. Bg2 a5 7. O-O O-O 8. Qc2
a4 9. Rd1 b6 10. e4 dxe4 11. Ng5 Bb7 12. Ndxe4 Nxe4 13. Nxe4 Qc8 14. Bf4 Nf6
15. Bg5 Bxe4 16. Bxe4 Nxe4 17. Bxe7 Re8 18. Qxe4 Rxe7 19. Rac1 Qe8 20. c5 h6
21. cxb6 cxb6 22. Rc6 a3 23. Rxb6 axb2 24. Rxb2 Rea7 25. Rdd2 Qa4 26. Kg2 Qc4
27. Rbc2 Qb4 28. Qf3 Ra3 29. Qc6 Qe7 30. d5 exd5 31. Qxd5 g6 32. Rc6 Kh7 33.
Qc4 R3a5 34. Rb6 R8a7 35. Qd5 Ra4 36. Qb7 1/2-1/2

[Event "FIDE Open World Blitz 2021"]
[Site "Warsaw"]
[Date "2021.12.30"]
[Round "21.1"]
[White "Vachier-Lagrave, Maxime"]
[Black "Carlsen, Magnus"]
[Result "1-0"]
[WhiteElo "2766"]
[BlackElo "2855"]
[Annotator "TA"]
[PlyCount "93"]
[EventDate "2021.12.29"]
[EventType "swiss"]
[EventCountry "POL"]
[Tiebreak "Cut1 Buchholz"]
[SourceTitle "playchess.com"]
[Source "ChessBase"]
[SourceQuality "1"]

1. e4 e5 2. Nf3 Nc6 3. Bb5 a6 4. Ba4 Nf6 5. O-O Be7 6. Re1 b5 7. Bb3 O-O 8. a4
Bb7 9. d3 d6 10. Nbd2 Re8 11. Nf1 h6 12. c3 Bf8 13. Ne3 Ne7 14. h3 Ng6 15. Nh2
d5 16. exd5 Nxd5 17. Qf3 Nh4 18. Qe4 Nxe3 19. Qxb7 Nexg2 20. Re4 Qxd3 21. Rg4
Qxh3 22. Rg3 Qf5 23. Rxg2 Nxg2 24. Qxg2 Rad8 25. Ng4 Kh8 26. axb5 axb5 27. Ne3
Qh5 28. Nf1 e4 29. Ng3 Qg6 30. Be3 Bd6 31. Ne2 Qh5 32. Ng3 Bxg3 33. fxg3 Rd3
34. Qf2 f5 35. Bc2 Rd6 36. Kg2 Red8 37. Rh1 Qg6 38. Bf4 Rd5 39. Qe2 c5 40. b3
c4 41. bxc4 bxc4 42. Rf1 Qf6 43. Qxc4 Qb6 44. Bb3 Rc5 45. Qf7 Rxc3 46. Be5 Rd2+
47. Kh1 1-0

[Event "FIDE Open World Blitz 2021"]
[Site "Warsaw"]
[Date "2021.12.30"]
[Round "21.1"]
[White "Sychev, Klementy"]
[Black "Parligras, Mircea-Emilian"]
[Result "1-0"]
[WhiteElo "2615"]
[BlackElo "2576"]
[Annotator "ChessBase"]
[PlyCount "67"]
[EventDate "2021.12.29"]
[EventType "swiss"]
[EventCountry "POL"]
[Tiebreak "Cut1 Buchholz"]
[SourceTitle "playchess.com"]
[Source "ChessBase"]
[SourceQuality "1"]

1. d4 Nf6 2. c4 e6 3. Nc3 Bb4 4. Bf4 O-O 5. Qb3 a5 6. a3 Bxc3+ 7. Qxc3 d6 8. f3
d5 9. e3 a4 10. c5 Nh5 11. Bg3 Nxg3 12. hxg3 b6 13. Bd3 g6 14. f4 Ba6 15. Bc2
bxc5 16. dxc5 Nc6 17. Nf3 Bb5 18. O-O-O f6 19. e4 Qe7 20. exd5 exd5 21. Rxd5
Rad8 22. Rxd8 Rxd8 23. Re1 Qf7 24. Kb1 Rd7 25. f5 Ne7 26. Qb4 Bc6 27. fxg6 hxg6
28. Bxa4 Bxa4 29. Qxa4 Nd5 30. Qa8+ Kg7 31. Nd4 Re7 32. Re3 Re5 33. Rxe5 Ne7
34. Rxe7 1-0